000 nam a22 7a 4500
999 _c329484
_d329484
003 NUST
005 20170515174738.0
008 170509b xxu||||| |||| 00| 0 eng d
040 _aDLC
_bDLC
_cRCMS
082 _a621.38 DEG
100 _aDegam
_9242
245 _aModern Communication
_bCourse COM-1 & COM-2 AM and FM Communication Circuits
_cDegam
260 _aUSA
_bTechnical Training Systems
300 _a56,p:
_bill
_c24,cm.
538 _iShelf # 15, Row # 6, Communication.
650 _aElectrical Engineering
_9208
856 _3Table of Content Only
942 _2ddc
_cBK